Detalles MARC
| 000 -LÍDER |
| Campo fijo de descripción fija |
01462nam a22003494i 4500 |
| 001 - NÚMERO DE CONTROL |
| Campo de control |
14562147 |
| 003 - IDENTIFICADOR DEL NÚMERO DE CONTROL |
| Campo de control |
CO-MdFUSB |
| 005 - FECHA Y HORA DE LA ULTIMA TRANSACCIÓN |
| control field |
20250521083632.0 |
| 008 - ELEMENTOS DE LONGITUD FIJA -- INFORMACIÓN GENERAL |
| Campo fijo de descripción fija -- Información general |
060921t2007 cau g b 000 0 eng |
| 010 ## - NÚMERO DE CONTROL DE LA BIBLIOTECA DEL CONGRESO |
| Número de control LC |
2006935144 |
| 020 ## - NÚMERO INTERNACIONAL NORMALIZADO PARA LIBROS |
| Número Internacional Normalizado del libro |
1599790866 |
| 040 ## - FUENTE DE CATALOGACIÓN |
| Agencia de catalogación original |
DLC |
| Agencia que realiza la modificación |
CO-MdFUSB |
| Idioma de catalogación |
spa |
| Agencia que realiza la transcripción |
CO-MdFUSB |
| Convenciones de la descripción |
rda |
| 041 ## - CÓDIGO DE IDIOMA |
| Código de idioma para texto/pista de sonido o título separado |
eng |
| 082 ## - NÚMERO DE CLASIFICACIÓN DECIMAL DEWEY |
| Número de la edición del Dewey |
24 |
| Número de clasificación |
G 248.4 |
| Clave de autor-Numero de item |
D295d |
| 100 1# - ASIENTO PRINCIPAL--NOMBRE PERSONAL |
| Nombre personal |
Decker, John. |
| Término relacionador |
autor |
| 242 00 - TRADUCCIÓN DEL TÍTULO POR AGENCIA CATALOGADORA |
| Título |
Haciendo lo que Jesús hizo |
| Idioma del título original |
Inglés |
| 245 00 - TÍTULO |
| Título del Material |
Doing what Jesus did |
| Mención de responsabilidad, etc. |
/ John Decker , Sonja Decker. |
| 264 #1 - PRODUCCIÓN, PUBLICACIÓN, DISTRIBUCIÓN, MANUFACTURA, Y COPYRIGHT |
| Lugar de producción, publicación, distribución, manufactura |
Los Angeles, California : |
| Nombre del productor, publicador, distribuidor |
Foursquare Media, |
| Fecha de producción, publicación, distribución, manufactura, o copyright |
[2007] |
| 264 #4 - PRODUCCIÓN, PUBLICACIÓN, DISTRIBUCIÓN, MANUFACTURA, Y COPYRIGHT |
| Fecha de producción, publicación, distribución, manufactura, o copyright |
©2007 |
| 300 ## - DESCRIPCIÓN FÍSICA |
| Extensión |
325 páginas |
| Dimensiones |
; 22 cm. |
| 336 ## - TIPO DE CONTENIDO |
| Fuente |
rdacontent |
| Término de tipo de contenido |
texto |
| Código de tipo de contenido |
txt |
| 337 ## - TIPO DE MEDIO |
| Fuente |
rdamedia |
| Nombre del tipo de medio |
sin mediación |
| Código del tipo de medio |
n |
| 338 ## - TIPO DE SOPORTE |
| Fuente |
rdacarrier |
| Nombre del tipo de soporte |
volumen |
| Código Tipo de soporte |
nc |
| 505 ## - NOTA DE CONTENIDO |
| Nota de contenido con formato preestablecido |
Prefacio. -- Prólogo. -- Introducción. -- Guiando a la gente a Cristo. -- Llevando a los cristianos al Bautismo del Espíritu Santo. -- Aprendiendo a sanar a los enfermos. -- Escuchando a Dios. -- Curando a los enfermos por revelación. -- Tratando con demonios. -- ¿A dónde vamos desde aquí?. -- Apéndice A: Cómo establecer un centro de capacitación ministerial. -- Apéndice B: Practiquemos lo que Jesús hizo. -- Asignaciones de habilidades ministeriales. -- Notas. |
| 563 ## - NOTA DE ENCUADERNACIÓN |
| Nota de encuadernación |
Rustico |
| 650 #0 - ASIENTO SECUNDARIO DE MATERIA - TERMINO TEMÁTICO |
| Término temático o nombre geográfico como elemento de entrada |
Vida cristiana |
| 9 (RLIN) |
19 |
| 700 1# - ASIENTO SECUNDARIO - NOMBRE PERSONAL |
| Nombre personal |
Decker, Sonja. |
| Responsabilidad |
autor |
| 942 ## - TIPO DE MATERIAL (KOHA) |
| Tipo de Item KOHA |
Libros General |
| 945 ## - INFORMACIÓN LOCAL DEL REGISTRO |
| Catalogador |
JTF-925 |